|
|
|
|
| LEADER |
00000cam a2200000 i 4500 |
| 005 |
20110713140135.0 |
| 008 |
060119s2005 sp a100 0 spa d |
| 017 |
|
|
|a D.L. M. 41958-2005 (Vol. I)
|
| 017 |
|
|
|a D.L. M. 41959-2005 (Vol. II)
|
| 020 |
|
|
|a 8473512413 (o. c.) (INAP)
|
| 020 |
|
|
|a 8473512421 (Vol. I) (INAP)
|
| 020 |
|
|
|a 847351243X (Vol. II) (INAP)
|
| 035 |
|
|
|a 5628
|
| 035 |
|
|
|a 5629
|
| 040 |
|
|
|a BUS
|d vLex
|
| 080 |
|
|
|a 342.55:354(460)
|
| 080 |
|
|
|a 353.9(460)
|
| 090 |
|
|
|c 2218
|d 2218
|
| 245 |
0 |
3 |
|a El estado autonm̤ico :
|b integracin̤, solidaridad y diversidad /
|c Jos ̌Mara̕ Vidal Beltran, Miguel ℓngel Garca̕ Herrera (coordinadores) ; prl̤ogo Jordi Sevilla Segura.
|h [Recurso electrn̤ico]
|
| 256 |
|
|
|a Servicio en ln̕ea.
|
| 260 |
|
|
|a Madrid :
|b Instituto Nacional de Administracin̤ Pb︢lica :
|b Colex,
|c 2005.
|
| 300 |
|
|
|a 2 v. ;
|c 24 cm.
|
| 500 |
|
|
|a "Este libro recoge el testimonio de la celebracin̤ del Congreso que tuvo lugar en Bilbao, con motivo del XXV aniversario del Estatuto de Guernica, por impulso del Instituto Nacional de Administracin̤ Pb︢lica y en colaboracin̤ con la Universidad del Pas̕ Vasco"
|
| 506 |
1 |
|
|a Contenido solo disponible en los productos indicados
|d vLex Global
|d vLex Global (Academic Edition, excluding Law Schools)
|d vLex Global (U.S. Academic Edition, Law Schools)
|d vLex Global (U.S. Academic Edition, excluding Law Schools)
|d vLex Global (Academic Edition, Law Schools)
|
| 506 |
1 |
|
|a Contenido solo disponible en los productos indicados
|d vLex Global
|d vLex Global (Academic Edition, excluding Law Schools)
|d vLex Global (U.S. Academic Edition, Law Schools)
|d vLex Global (U.S. Academic Edition, excluding Law Schools)
|d vLex Global (Academic Edition, Law Schools)
|
| 650 |
0 |
7 |
|a Administracin̤ autonm̤ica
|2 Tesauro vLex
|
| 650 |
0 |
7 |
|a Comunidades autn̤omas
|2 Tesauro vLex
|
| 650 |
0 |
7 |
|a Gobierno autonm̤ico
|2 Tesauro vLex
|
| 700 |
1 |
|
|a Vidal Beltran, Jos ̌Mara̕,
|e coord.
|
| 700 |
1 |
|
|a Garca̕ Herrera, Miguel ℓngel,
|e coord.
|
| 700 |
1 |
|
|a Sevilla Segura, Jorge,
|e pr.
|
| 740 |
0 |
|
|a vLex Libros (Servicio en ln̕ea)
|
| 856 |
4 |
0 |
|u http://vlex.com/source/estado-autonomico-integracion-solidaridad-diversidad-volumen-1-5628
|z Acceso restringido. Volumen I
|
| 856 |
4 |
0 |
|u http://vlex.com/source/estado-autonomico-integracion-solidaridad-diversidad-volumen-2-5629
|z Acceso restringido. Volumen II
|
| 942 |
|
|
|c BOOK
|